| Tag |
First Indicator |
Second Indicator |
Subfields |
| LEADER |
00000cas a2200000 4500 |
| 001 |
in00000925921 |
| 005 |
20150924210435.0 |
| 008 |
760620u19709999ohuuu a 0uuua0eng u |
| 035 |
|
|
|a (OCoLC)02261582
|
| 035 |
|
|
|9 AER1568AM
|
| 040 |
|
|
|c PIT
|d IUL
|d MUL
|d OCL
|d UtOrBLW
|
| 049 |
|
|
|a TXAI
|
| 090 |
|
|
|a HQ1101
|b .H47
|
| 099 |
|
|
|a film
|a N
|a 427
|
| 245 |
0 |
0 |
|a Goodbye to all that.
|
| 264 |
|
1 |
|a [San Diego?] :
|b [publisher not identified]
|
| 300 |
|
|
|a volumes :
|b illustrations
|
| 336 |
|
|
|a text
|b txt
|2 rdacontent
|
| 337 |
|
|
|a microform
|b h
|2 rdamedia
|
| 338 |
|
|
|a microfilm reel
|b hd
|2 rdacarrier
|
| 362 |
0 |
|
|a no. 1- ; Sept. 15, 1970-
|
| 533 |
|
|
|a Microfilm.
|b Wooster, Ohio,
|b Micro Photo Division, Bell & Howell.
|e 1 reel, 35 mm.
|f (Herstory, reel 2)
|
| 500 |
|
|
|a Microform.
|
| 650 |
|
0 |
|a Feminism
|v Periodicals.
|
| 760 |
0 |
|
|t Herstory
|
| 776 |
0 |
|
|t Goodbye to all that
|
| 830 |
|
0 |
|a Herstory.
|
| 999 |
|
|
|a MARS
|
| 999 |
f |
f |
|s 9d2be219-dbb7-3f05-aa3c-42340267807c
|i c4607b22-b78b-38d9-955d-d3af07732a25
|t 0
|
| 952 |
f |
f |
|p default
|a Texas A&M University
|b College Station
|c Sterling C. Evans Library
|d Evans: Microforms (3rd floor)
|t 0
|e film N 427 reels 56, 78
|h Other scheme
|i microform -- microfilm reel
|
| 998 |
f |
f |
|a film N 427 reels 56, 78
|s no.8 (1971:Feb.10)-no.15 (1971:May 19) <On reel 78, no.1>
|t 0
|l Evans: Microforms (3rd floor)
|